Modelovanie procesov aspekty reverznej logistiky
Logistika dodávateľských reťazcov a spätných tokov. Charakteristika reverznej logistiky. Smernice EÚ týkajúce sa environmentálnej politiky. Zobrazenie procesu reverznej logistiky. Modelový prístup k reverznej logistike.
Saved in:
| Main Author: | |
|---|---|
| Other Authors: | |
| Format: | Book Chapter |
| Language: | Slovak |
| Subjects: | |
| Tags: |
No Tags, Be the first to tag this record!
|
MARC
| LEADER | 00000nla$a2200000$$$4500 | ||
|---|---|---|---|
| 001 | 0074336 | ||
| 005 | 20240502071859.5 | ||
| 041 | 0 | |a slo | |
| 044 | |a SK | ||
| 245 | 1 | 0 | |a Modelovanie procesov aspekty reverznej logistiky |c Ivan Brezina, Zuzana Čičková |
| 520 | |a Logistika dodávateľských reťazcov a spätných tokov. Charakteristika reverznej logistiky. Smernice EÚ týkajúce sa environmentálnej politiky. Zobrazenie procesu reverznej logistiky. Modelový prístup k reverznej logistike. | ||
| 610 | 2 | 0 | |a modely |
| 610 | 2 | 0 | |a náklady |
| 610 | 2 | 0 | |a odpad |
| 610 | 2 | 0 | |a logistika |
| 610 | 2 | 0 | |a Európska únia |
| 610 | 2 | 0 | |a smernice |
| 100 | 1 | |a Brezina, Ivan, 1963- | |
| 700 | 1 | |a Čičková, Zuzana, 1978- | |